TV Network Logos II Quiz Stats

Quiz Updated Oct 14, 2016

Also try: TV Network Logos
Challenge
Share
Tweet
Score 0/20 Timer 04:00
2 Plays Today
Network % Correct
ESPN
98.6%
Animal Planet
89.9%
The Weather Channel
85.6%
Hallmark Channel
85.2%
TV Land
83.1%
National Geographic Channel
80.3%
CNBC
68.7%
Boomerang
53%
Food Network
52.2%
Starz
52.2%
Network % Correct
Speed Network
49.8%
The Golf Channel
41.2%
QVC
40.4%
PBS Kids
35.4%
BET
32.6%
Turner Classic Movies
31.4%
Oxygen
25.7%
Military History
19.7%
Sportsman
7%
Crime & Investigation
2.9%

You're not logged in!

Compare scores with friends on all Sporcle quizzes.
Join for Free
OR
Log In

You Might Also Like...

Show Comments

Extras

Top Quizzes Today


Score Distribution

Your Account Isn't Verified!

In order to create a playlist on Sporcle, you need to verify the email address you used during registration. Go to your Sporcle Settings to finish the process.

Report this User

Report this user for behavior that violates our Community Guidelines.

Details: